| 000 | 00887nam a2200241 a 4500 | ||
|---|---|---|---|
| 999 |
_c4629 _d4629 |
||
| 001 | 4629 | ||
| 003 | BD-JhCC | ||
| 005 | 20171129104440.0 | ||
| 008 | 171129s1983 b ||||| |||| 00| 0 b d | ||
| 035 | _a(BD-JhCC) | ||
| 040 |
_aBD-JhCC _dBD-JhCC |
||
| 041 | _aben | ||
| 082 |
_a954.1403 _bJAK 1983 |
||
| 100 | _aযাকারিয়া, কালাম, মোহান্মদ, আবুল | ||
| 245 |
_aমীনহাজ-ই-সিরাজ তবকাত-ই-নাসিরী / _cআবুল কালাম মোহান্মদ যাকারিয়া |
||
| 260 |
_aঢাকা : _bবংলা একাডেমী, _c১৯৮৩ |
||
| 300 |
_a358 p. : _c22cm. |
||
| 650 |
_aMuslims _zBengal |
||
| 700 | _aএ. এফ. এম. সাইয়ীদ | ||
| 700 | _aআহমেদ, উদ্দীন, রফিক | ||
| 942 |
_2ddc _cBK |
||